International trade and industrial policy in the 1990s

Spremljeno u:
Bibliografski detalji
Format: Knjiga
Jezik:Undetermined
Izdano: Tokyo Ministry of International 1990
Teme:
Oznake: Dodaj oznaku
Bez oznaka, Budi prvi tko označuje ovaj zapis!
Thư viện lưu trữ: Trung tâm Học liệu Trường Đại học Cần Thơ
LEADER 00418nam a2200145Ia 4500
001 CTU_78729
008 210402s9999 xx 000 0 und d
082 |a 338 
082 |b I.61 
245 0 |a International trade and industrial policy in the 1990s 
260 |a Tokyo 
260 |b Ministry of International 
260 |c 1990 
650 |a Industrial economics 
980 |a Trung tâm Học liệu Trường Đại học Cần Thơ